La transición de Andalucía. (Registro nro. 103)

Detalles MARC
000 -LEADER
campo de control de longitud fija 00894nam a22002177a 4500
001 - NÚMERO DE CONTROL
campo de control EIF-III-1998-M4-012
003 - IDENTIFICADOR DE NÚMERO DE CONTROL
campo de control OSt
005 - FECHA Y HORA DE LA ÚLTIMA TRANSACCIÓN
campo de control 20221105222244.0
008 - DATOS DE LONGITUD FIJA--INFORMACIÓN GENERAL
campo de control de longitud fija 221105b |||||||| |||| 00| 0 eng d
040 ## - FUENTE DE CATALOGACIÓN
Centro catalogador/agencia de origen Fundación Jesús Pereda
Centro/agencia transcriptor Fundación Jesús Pereda
041 ## - CÓDIGO DE IDIOMA
Código de lengua del texto/banda sonora o título independiente Castellano
100 ## - ENTRADA PRINCIPAL--NOMBRE DE PERSONA
Nombre de persona Ruiz Romero, Manuel
9 (RLIN) 264
111 ## - ENTRADA PRINCIPAL--NOMBRE DE CONGRESO/REUNIÓN
Nombre de congreso/reunión o jurisdicción como elemento de entrada Encuentro de Investigadores del Franquismo
Sede del congreso/Lugar de la reunión (Sevilla.
Fecha del congreso o de la firma del tratado 1998.
Número del congreso/reunión o número de parte o sección 3º)
9 (RLIN) 94
245 ## - MENCIÓN DEL TÍTULO
Título La transición de Andalucía.
Resto del título Fuentes, estado de la cuestión e hipótesis cronológica
Mención de responsabilidad, etc. /Manuel Ruiz Romero
650 #0 - PUNTO DE ACCESO ADICIONAL DE MATERIA--TÉRMINO DE MATERIA
9 (RLIN) 202
Término de materia o nombre geográfico como elemento de entrada Estudio sociopolítico
650 #0 - PUNTO DE ACCESO ADICIONAL DE MATERIA--TÉRMINO DE MATERIA
9 (RLIN) 90
Término de materia o nombre geográfico como elemento de entrada Fuentes para la investigación histórica
651 #0 - PUNTO DE ACCESO ADICIONAL DE MATERIA--NOMBRE GEOGRÁFICO
9 (RLIN) 207
Nombre geográfico Andalucía
773 ## - ASIENTO DE ITEM FUENTE
Título <a href="Actas del III Encuentro de Investigadores del Franquismo">Actas del III Encuentro de Investigadores del Franquismo</a>
Parte(s) relacionada(s) 468-475 p.
856 ## - LOCALIZACIÓN Y ACCESO ELECTRÓNICOS
Identificador Uniforme de Recursos <a href="https://bibliotecaccoocyl.fundacionjesuspereda.es/cgi-bin/koha/opac-retrieve-file.pl?id=a10d7c599b8b12fecf36741e70aa998a">https://bibliotecaccoocyl.fundacionjesuspereda.es/cgi-bin/koha/opac-retrieve-file.pl?id=a10d7c599b8b12fecf36741e70aa998a</a>
942 ## - ELEMENTOS DE ENTRADA SECUNDARIOS (KOHA)
Fuente del sistema de clasificación o colocación Clasificación Decimal Dewey
Tipo de ítem Koha Archivo de computadora
Suprimir en OPAC No

No hay ítems disponibles.

Página web subvencionada totalmente por la Consejería de Cultura y Turismo de la Junta de Castilla y León

Con tecnología Koha